تدريب المبتدي وتذكرة المنتهي في علم الفرائض / (رقم التسجيلة. 131294)

تفاصيل مارك
000 -الفاتح
عناصر البيانات ثابتة الطول 00849cam a2200193 i 4500
005 - تاريخ ووقت آخر معاملة
حقل ضبط 20251201130942.0
008 - عناصر البيانات ثابتة الطول
عناصر البيانات ثابتة الطول 250721s2012 le gr 000 0 ara d
082 14 - رقم تصنيف ديوي العشري
رقم التصنيف 216.4
رقم المادة م ا ل
100 1# - مدخل رئيسي – اسم شخصي
الاسم الشخصي المالكي، ابو عبد الله محمد بن احمد بن محمد عليش
علاقة الشخص بالعمل/ دوره مؤلف.
245 10 - بيان العنوان
العنوان تدريب المبتدي وتذكرة المنتهي في علم الفرائض /
بيان المسؤولية لشيخ المالكية في جامع الأزهر الشيخ محمد عليش المالكي ؛ تحقيق الشيخ محمد بكري.
264 31 - بيانات النشر، التوزيع…إلخ
مكان النشر، التوزيع...إلخ بيروت :
اسم الناشر، الموزع...إلخ شركة دار المشاريع،
تاريخ النشر، التوزيع...إلخ 2012.
300 ## - الوصف المادي
عدد الوحدات المكونة للوعاء 120صفحة.
650 17 - مدخل إضافي بالموضوع - مصطلح موضوعي
مصطلح موضوعي أو اسم جغرافي كعنصر مدخل الاسلام.
650 17 - مدخل إضافي بالموضوع - مصطلح موضوعي
مصطلح موضوعي أو اسم جغرافي كعنصر مدخل الفقه الاسلامي.
650 17 - مدخل إضافي بالموضوع - مصطلح موضوعي
مصطلح موضوعي أو اسم جغرافي كعنصر مدخل المواريث.
700 1# - مدخل إضافي - اسم شخصي
الاسم الشخصي بكري، محمد
علاقة الشخص بالعمل/ دوره محقق.
942 ## - بيانات إضافية (كوها)
نوع التنصيف Dewey Decimal Classification
نوع المادة (كوها) كتب
المقتنيات
حالة السحب حالة الفقدان مصدر التصنيف حالة التلف غير قابل للإعارة المكتبة الرئيسية المكتبة الحالية موقع الرف تاريخ التزويد الرقم المتسلسل Total Checkouts رقم الإستدعاء الباركود تاريخ آخر ظهور تاريخ الفاتورة نوع المادة (كوها)
    Dewey Decimal Classification     المكتبة المركزية المكتبة المركزية الإعارة 28/07/2025 1596188   216.4 / م ا ل PLD00320027 28/07/2025 28/07/2025 كتب
    Dewey Decimal Classification     مكتبة الاميرة بديعة مكتبة الاميرة بديعة الإعارة 06/04/2015 1596191   216.4/مال PLD00320077 28/07/2025 06/04/2015 كتب
    Dewey Decimal Classification     مكتبة الجويدة مكتبة الجويدة الإعارة 06/04/2015 1596192   216.4/مال PLD00320078 28/07/2025 06/04/2015 كتب
Implemented & Customized by: BBB with SCIT (Smart Chains for Information Technology)

Powered by Koha